Les pseudonymes (chanson francophone) - Statistiques

Statistiques générales
  • Ce quiz a été pris 59 fois
  • Le résultat moyen est 14 sur 32
Statistiques - réponses
Vrai nom Nom d'artiste % Correct
Mylène Gautier Mylène Farmer
96%
Lucien Ginsburg Serge Gainsbourg
88%
Édith Gassion Édith Piaf
80%
Isabelle de Truchis de Varennes Zazie
63%
Christophe Martichon Christophe Maé
57%
Michel Hamburger Michel Berger
55%
Yolanda Gigliotti Dalida
53%
Gandhi Djuna Gims
53%
Didier Morville Joey Starr
49%
Lara Crokaert Lara Fabian
49%
Vanda de Vasconcelos Lio
49%
Claude Moine Eddy Mitchell
47%
Béatrice Martin Coeur de Pirate
45%
Serge Chauvier Serge Lama
45%
Paul Van Haver Stromae
41%
Paul-Alain Leclerc Julien Clerc
41%
Annie Chancel Sheila
39%
Ivo Livi Yves Montand
39%
Cornélius Nyungura Corneille
37%
Wouter Otto Levenbach Dave
35%
Patrick Chouchayan Patrick Fiori
35%
Claire Pommet Pomme
35%
Pierre Garand Garou
31%
Fabien Marsaud Grand Corps Malade
31%
Bruno Nicolini Bénabar
29%
Gaston Ghrenassia Enrico Macias
27%
Claudine Luypaerts Maurane
27%
Bernard Ouillon Bernard Lavilliers
25%
Hervé Forneri Dick Rivers
20%
Daniel Cohen Dany Brillant
14%
Fabienne Demal Axelle Red
10%
Roger Jouret Plastic Bertrand
8%
Aucun quiz correspondant
Distribution des résultats
% des personnes avec chaque résultat
Percentile par nombre de réponses
Votre historique - résultats
Vous n’avez pas pris ce quiz